La guerra revolucionaria / (Registro nro. 1355)
[ vista simple ]
| 000 -CABECERA | |
|---|---|
| campo de control de longitud fija | 00497nam a22001937a 4500 |
| 003 - IDENTIFICADOR DEL NÚMERO DE CONTROL | |
| campo de control | OSt |
| 005 - FECHA Y HORA DE LA ÚLTIMA TRANSACCIÓN | |
| campo de control | 20170705090128.0 |
| 008 - DATOS DE LONGITUD FIJA--INFORMACIÓN GENERAL | |
| campo de control de longitud fija | 170629b xxu||||| |||| 00| 0 esp d |
| 040 ## - FUENTE DE LA CATALOGACIÓN | |
| Centro/agencia transcriptor | RCAA |
| 082 ## - NÚMERO DE LA CLASIFICACIÓN DECIMAL DEWEY | |
| Número de clasificación | 981.06 |
| Número de documento/Ítem | M335g 1971 |
| 100 ## - ENTRADA PRINCIPAL--NOMBRE DE PERSONA | |
| Autor Personal | Marighella, Carlos |
| 245 ## - MENCIÓN DE TÍTULO | |
| Título | La guerra revolucionaria / |
| Mención de responsabilidad, etc. | Carlos Marighella |
| 250 ## - MENCIÓN DE EDICIÓN | |
| Mención de edición | 2ª ed. |
| 260 ## - PUBLICACIÓN, DISTRIBUCIÓN, ETC. | |
| Lugar de publicación, distribución, etc. | México : |
| Nombre del editor, distribuidor, etc. | Diogenes, |
| Fecha de publicación, distribución, etc. | 1971 |
| 300 ## - DESCRIPCIÓN FÍSICA | |
| Extensión | 99 páginas. |
| 651 ## - PUNTO DE ACCESO ADICIONAL DE MATERIA--NOMBRE GEOGRÁFICO | |
| Nombre geográfico | Brazil - historia - 1964 |
| 651 ## - PUNTO DE ACCESO ADICIONAL DE MATERIA--NOMBRE GEOGRÁFICO | |
| Nombre geográfico | Revolución |
| 942 ## - ELEMENTOS DE PUNTO DE ACCESO ADICIONAL (KOHA) | |
| Fuente del sistema de clasificación o colocación | Dewey Decimal Classification |
| Tipo de ítem Koha | Libros |
| Estado de retiro | Estado de pérdida | Fuente del sistema de clasificación o colocación | Estado dañado | No para préstamo | Código de colección | Localización permanente | Ubicación/localización actual | Fecha de adquisición | Número de inventario | Total de préstamos | Signatura topográfica completa | Código de barras | Fecha visto por última vez | Número de copia | Precio válido a partir de | Tipo de ítem Koha |
|---|---|---|---|---|---|---|---|---|---|---|---|---|---|---|---|---|
| Dewey Decimal Classification | Colección General | SIBM UNADE - Biblioteca Sede Central | SIBM UNADE - Biblioteca Sede Central | 06/29/2017 | 16-00731 | 981.06 M335g 1971 | 16-00731 | 10/06/2018 | e.1 | 06/29/2017 | Libros |
